000
00196 a2200097 4500
001
55838
100
_a
245
_a
Sehra ka badil
260
_a
_b
B Iqbal
_c
1991
090
_c
34630
_d
34630
942
_a
NUST-CAE
_c
MONOGRAPH
_c
27370
999
_c
290911
_d
290911